The modern cowboy /

Bibliographic Details
Main Author: Erickson, John R., 1943-
Format: Book
Language:English
Published: Lincoln : University of Nebraska Press, [1981]
Subjects:

MARC

Tag First Indicator Second Indicator Subfields
LEADER 00000pam a2200000 a 4500
001 in00000085150
005 20151008055754.0
008 810112s1981 nbua b 00010 engm
010 |a  80028751  
020 |a 0803218052 
035 |a (OCoLC)07197300 
035 |9 AAJ4346AM 
039 0 |a 2  |b 3  |c 3  |d 3  |e 3 
040 |a DLC  |c DLC  |d m.c.  |d TXA  |d UtOrBLW 
043 |a n-usp-- 
049 |a TXAM [Also in] [Sp Coll]  |c 1 [1196260]  |a TXAS  |c 2 [1702525] 
050 0 0 |a F596  |b .E74 
082 0 |a 636.2/13  |2 19 
100 1 |a Erickson, John R.,  |d 1943- 
245 1 4 |a The modern cowboy /  |c John R. Erickson ; photographs by Kris Erickson. 
264 1 |a Lincoln :  |b University of Nebraska Press,  |c [1981] 
264 4 |c ©1981 
300 |a xii, 247 pages :  |b illustrations ;  |c 16 x 21 cm. 
336 |a text  |b txt  |2 rdacontent 
337 |a unmediated  |b n  |2 rdamedia 
338 |a volume  |b nc  |2 rdacarrier 
504 |a Bibliography: pages 245-246. 
650 0 |a Cowboys  |z West (U.S.) 
651 0 |a West (U.S.)  |x Social life and customs. 
999 |a MARS 
999 f f |s dcd58949-6e45-3662-af91-c7bc4c03f4a3  |i 60eefaea-e58f-3f49-b764-9d3497d0d6fe  |t 0 
952 f f |p normal  |a Texas A&M University  |b College Station  |c Sterling C. Evans Library  |d Evans: Library Stacks  |t 0  |e F596 .E74  |h Library of Congress classification  |i unmediated -- volume  |m A14806110127 
952 f f |p noncirc  |a Texas A&M University  |b College Station  |c Cushing Memorial Library & Archives  |d Cushing: Dykes (Does not check out)  |t 0  |e F596 .E74  |h Library of Congress classification  |i unmediated -- volume  |m A14851719485 
998 f f |a F596 .E74  |t 0  |l Cushing: Dykes (Does not check out) 
998 f f |a F596 .E74  |t 0  |l Evans: Library Stacks